[Event "Santo Domingo op 08"]
[Site "Santo Domingo"]
[Date "2019.08.20"]
[Round "7"]
[White "Henriquez, Roberto"]
[Black "Mejia, Juan Alberto"]
[Result "0-1"]
[WhiteElo "1805"]
[BlackElo "1870"]
[PlyCount "63"]
[EventDate "2019.08.12"]
[EventType "swiss"]
[EventRounds "8"]
[EventCountry "DOM"]
[SourceTitle "EXT 2020"]
[Source "ChessBase"]
[SourceDate "2019.10.17"]
[SourceVersion "1"]
[SourceVersionDate "2019.10.17"]
[SourceQuality "1"]

1. e4 c5 2. Nf3 g6 3. c3 Bg7 4. d4 cxd4 5. Nxd4 Nc6 6. Be3 Nf6 7. Nxc6 bxc6 8. f3 a5 9. Nd2 a4 10. Qc2 0-0 11. Be2 Ba6 12. Bxa6 Rxa6 13. Qd3 Ra8 14. 0-0 d5 15. Rfd1 Qc7 16. exd5 cxd5 17. Rac1 Rfd8 18. Qe2 e5 19. Nb1 Qc6 20. Na3 Rab8 21. Rb1 Ne8 22. Nc2 Qe6 23. Bf2 Nd6 24. b3 axb3 25. axb3 Nb5 26. Qd2 d4 27. cxd4 Nxd4 28. Nxd4 exd4 29. Qd3 Rd5 30. Re1 Qd7 31. Re2 Qb5 32. Rd2 0-1

[Event "Santo Domingo op 08"]
[Site "Santo Domingo"]
[Date "2019.08.20"]
[Round "6"]
[White "Rodriguez Gonzalez, Gustavo Adolfo"]
[Black "Henriquez, Roberto"]
[Result "0-1"]
[WhiteElo "1617"]
[BlackElo "1805"]
[PlyCount "52"]
[EventDate "2019.08.12"]
[EventType "swiss"]
[EventRounds "8"]
[EventCountry "DOM"]
[SourceTitle "EXT 2020"]
[Source "ChessBase"]
[SourceDate "2019.10.17"]
[SourceVersion "1"]
[SourceVersionDate "2019.10.17"]
[SourceQuality "1"]

1. e4 e5 2. Nf3 Nc6 3. Bb5 Nf6 4. 0-0 d6 5. Nc3 Bd7 6. d4 Nxd4 7. Bxd7+ Qxd7 8. Nxd4 exd4 9. Qxd4 Be7 10. Bg5 h6 11. Bh4 g5 12. Bg3 0-0-0 13. Qxa7 Qc6 14. e5 Nd7 15. exd6 Bxd6 16. Bxd6 Qxd6 17. Rad1 Qf4 18. Qa8+ Nb8 19. Qa4 c6 20. Rxd8+ Rxd8 21. Rd1 Rxd1+ 22. Nxd1 Qd4 23. Ne3 Qd2 24. Qg4+ Nd7 25. Qe4 Qe1+ 26. Nf1 Qxe4 0-1

[Event "Santo Domingo op 08"]
[Site "Santo Domingo"]
[Date "2019.08.12"]
[Round "1"]
[White "Henriquez, Roberto"]
[Black "Amador Cedano, Benedicto Eurispide"]
[Result "1-0"]
[WhiteElo "1805"]
[BlackElo "1851"]
[PlyCount "28"]
[EventDate "2019.08.12"]
[EventType "swiss"]
[EventRounds "8"]
[EventCountry "DOM"]
[SourceTitle "EXT 2020"]
[Source "ChessBase"]
[SourceDate "2019.10.17"]
[SourceVersion "1"]
[SourceVersionDate "2019.10.17"]
[SourceQuality "1"]

1. c4 Nf6 2. g3 g6 3. Bg2 Bg7 4. Nc3 0-0 5. Nf3 c5 6. 0-0 d6 7. d4 cxd4 8. Nxd4 e6 9. e4 a6 10. h3 Qc7 11. b3 Nc6 12. Be3 Rb8 13. Rc1 b6 14. Nxc6 Qxc6 1-0